000 00578nam a2200217Ia 4500
005 20231206094915.0
008 131103s9999 xx 000 0 und d
040 _aLoreto College
041 _aEnglish
082 _a420
_bNES
100 _aNesfield,J.C.
245 _aIdiom and Grammar,
_cJ.C.Nesfield
250 _aNew Edition
260 _aLondon
_bMacmillan & Co.Ltd.
_c1898
300 _aiv,224 p.
440 _aEnglish Grammar Series; Book III
504 _aIncludes bibliographical references
650 _aIdiom and Grammar
850 _aLCLIB
942 _cBK
999 _c6964
_d57443